| 000 | 00412nam a22001217a 4500 | ||
|---|---|---|---|
| 082 | _a200 THE | ||
| 100 |
_aAISHA QAMAR _915418 |
||
| 245 | _aTH-SOF-1218-Scenario Based Robust Control Design for Uninterruptible Power Supplies and DC-DC Buck Converter | ||
| 260 |
_aIslamabad _bNUST College of EME _c2016 |
||
| 650 |
_aMS-ELECT-71 MSTHESIS _970058 |
||
| 700 |
_aSupervisor DR MUWAHIDA LIAQAT _969664 |
||
| 942 | _cCF | ||
| 999 |
_c577107 _d577107 |
||